Patrick Hamilton
Uloženo v:
| Médium: | Kniha |
|---|---|
| Jazyk: | španělština |
| Vydáno: |
Santiago
Ograma
2002
|
| Témata: | |
| Tagy: |
Přidat tag
Žádné tagy, Buďte první, kdo vytvoří štítek k tomuto záznamu!
|
MARC
| LEADER | 00000nam a2200000 a 4500 | ||
|---|---|---|---|
| 001 | UCH1196 | ||
| 003 | CL-VaPUC | ||
| 005 | 20240703151559.0 | ||
| 008 | 090409e20021000CL |||||||||||||||||spa|d | ||
| 999 | |c 333262 |d 333260 | ||
| 040 | |c Pontificia Universidad Católica de Valparaíso | ||
| 082 | |a 735.2304 HAM 2002 | ||
| 245 | 1 | 0 | |a Patrick Hamilton |
| 260 | |a Santiago |b Ograma |c 2002 | ||
| 300 | |a 39 p | ||
| 583 | |a last modification |c 20090409 00:00:00 |k Rodrigo Vera | ||
| 600 | 0 | |a HAMILTON, PATRICK |9 587213 | |
| 650 | 0 | |a Arte conceptual |9 341272 | |
| 650 | 0 | |a Arte contemporáneo |9 338008 | |
| 942 | |c BK |2 ddc | ||
| 945 | |d 20090409 00:00:00 |a dcastane | ||
| 952 | |0 0 |1 0 |4 0 |6 735_230400000000000_PAT_2002 |7 0 |8 R |9 421511 |a BIBART |b BIBART |d 2019-11-22 |i 4536614 |o 735.2304 PAT 2002 |p 4536614 |r 2025-03-13 |w 2019-11-22 |y BK_R |k ART | ||
| 952 | |0 0 |1 0 |2 ddc |4 0 |6 735_230400000000000_PAT_2002 |7 0 |9 495968 |a BIBART |b BIBART |d 2020-01-10 |i 5611512 |o 735.2304 PAT 2002 |p 5611512 |r 2025-03-13 |t 2 |w 2020-01-10 |y BK |k ART | ||